000
00329nam a2200133Ia 4500
008
240624s9999 xx 000 0 und d
041
_a
eng
082
_a
004.6 MAR
100
_a
MARTIN JAMES
245
_a
COMPUTER NETWORK AND DISTRIBUTED PROCESS
260
_c
2004
_a
New Delhi
_b
Prentice-Hall
300
_a
xiv, : 562
365
_c
RS
999
_c
435
_d
435